âEtudes. (رقم التسجيلة. 109887)

تفاصيل مارك
000 -LEADER
fixed length control field 01024cas a2200289I 4500
003 - EG-GICUS
control field OSt
005 - DATE AND TIME OF LATEST TRANSACTION
control field 20241215130813.0
008 - FIXED-LENGTH DATA ELEMENTS--GENERAL INFORMATION
fixed length control field 090419c18569999fr mr p 0 b1fre
022 ## - INTERNATIONAL STANDARD SERIAL NUMBER
International Standard Serial Number 0014-1941
040 ## - CATALOGING SOURCE
Original cataloging agency DLC
Transcribing agency QPR
Modifying agency IUL
-- OCL
092 #4 - LOCALLY ASSIGNED DEWEY CALL NUMBER (OCLC)
Classification number 279.1505
Item number E859
Edition number 21
099 ## - LOCAL FREE-TEXT CALL NUMBER (OCLC)
Classification number \4
-- 279.1505 E859
222 #0 - KEY TITLE
Key title âEtudes.
245 00 - TITLE STATEMENT
Title âEtudes.
246 13 - VARYING FORM OF TITLE
Title proper/short title âEtvdes
300 ## - PHYSICAL DESCRIPTION
Extent v.
Dimensions 24-26 cm.
310 ## - CURRENT PUBLICATION FREQUENCY
Current publication frequency
Date of current publication frequency 19 -
321 ## - FORMER PUBLICATION FREQUENCY
Former publication frequency Monthly,
Dates of former publication frequency 18 -96
321 ## - FORMER PUBLICATION FREQUENCY
Former publication frequency Semimonthly,
Dates of former publication frequency 1897-1940
336 ## - CONTENT TYPE
Content type term text
Source rda content
337 ## - MEDIA TYPE
Media type term Unmediated
Source rdamedia
338 ## - CARRIER TYPE
Carrier type term volume
Source rdacarrier
362 0# - DATES OF PUBLICATION AND/OR SEQUENTIAL DESIGNATION
Dates of publication and/or sequential designation t. 1-3, 1856-58; nouv. sâer., t. 1-3, mars 1859-dâec. 1861; nouv. sâer., t. 1-13, janv. 1862-dâec. 1867; 4. sâer., t. 1-6 (13.-15. annâee) janv. 1868-dâec. 1871; 5. sâer., t. 1-12 (16.-21. annâee) janv. 1872-dâec. 1877; 6. sâer., t. 1-5 (22.-24. annâee) janv. 1878-juin 1880; 25. annâee (t. 43- ) janv. 1888-
541 ## - IMMEDIATE SOURCE OF ACQUISITION NOTE
Source of acquisition Deposit
905 ## - LOCAL DATA ELEMENT E, LDE (RLIN)
Cataloger
Reviser
942 ## - ADDED ENTRY ELEMENTS (KOHA)
Koha item type Continuing Resources
Suppress in OPAC No
999 ## -
-- 109887
-- 109887
المقتنيات
Full call number Home library Current library Source of classification or shelving scheme Koha item type Inventory number
279.1505 E859 المكتبة المركزبة الجديدة - جامعة القاهرة قاعة الصحف والدوريات - الدور الثالث Dewey Decimal Classification Continuing Resources 13238668
Cairo University Libraries Portal Implemented & Customized by: Eng. M. Mohamady Contacts: new-lib@cl.cu.edu.eg | cnul@cl.cu.edu.eg
CUCL logo CNUL logo
© All rights reserved — Cairo University Libraries
CUCL logo
Implemented & Customized by: Eng. M. Mohamady Contact: new-lib@cl.cu.edu.eg © All rights reserved — New Central Library
CNUL logo
Implemented & Customized by: Eng. M. Mohamady Contact: cnul@cl.cu.edu.eg © All rights reserved — Cairo National University Library